000 00904cai a22002175a 4500
001 L154691
008 120113u2012 xxk g 000 0 eng d
035 _a(Sirsi) u154691
041 0 _aeng
110 2 _aUnited Kingdom
_bCabinet Office
_95270
245 0 0 _aRed tape challenge
_h[electronic resource]
520 _aThe Government is seeking public consultation on removing obsolete regulations and legislation sector by sector. Consultation on housing and construction sectors 12 January and 16 February 2012.
590 _aKA NTK
651 4 _aUnited Kingdom
_y
690 _aBuilding regulations
_96224
690 _aResidential property
_96266
690 _aLandlord and tenant
_96252
690 _aBusiness and management
856 4 0 _uhttps://www.redtapechallenge.cabinetoffice.gov.uk/home/index/
_zView the website free of charge at .www.redtapechallenge.cabinetoffice.gov.uk
942 _n0
999 _c120942
_d120942